000 00434nam a22001691a 4500
001 6719
003 OSt
005 20260204212100.0
008 060630s1986||||cu ||||||b||||||||||spa||
050 _a972.91 P583d
100 _aPichardo, Hortensia
245 _aDocumentos para la historia de Cuba II / Hortensia Pichardo
264 _aCuba : Pueblo y Educación
300 _a473 p
650 _a1.Historia - CubaÌ
942 _2ddc
_cBK
999 _c6719
_d6719